000 00422nam a2200181Ia 4500
008 221030s9999 xx 000 0 und d
020 _a812970414
041 _aEnglish
082 _a105.23
_bGre
100 _aJ. Greenberg
245 0 _aBehavior in Organizations
250 _a8th
260 _bPearson Education
_aDelhi
_c2004
300 _a691
650 _aManagement
700 _aRobert A. Baron
942 _cBK
999 _c1506
_d1506